| 000 | 00792nam a22002537a 4500 | ||
|---|---|---|---|
| 003 | dpl | ||
| 005 | 20180721172755.0 | ||
| 008 | 180721b xxu||||| |||| 00| 0 eng d | ||
| 010 | _aA-945796 | ||
| 020 |
_c00.00 _a8176460214 |
||
| 035 | _aA-945796, A-945802 | ||
| 037 | _bCen Lib/Ret | ||
| 040 |
_aDPL _bEN _c0 |
||
| 082 |
_a330.3 _bNAR |
||
| 100 |
_aNarain,Veena _93232 |
||
| 245 |
_aBR dictionary of economics : _cby Veena Narain _bIndian persepective / |
||
| 260 |
_aNew Delhi _bB.R.Publishing Coperation _c1998 |
||
| 270 |
_a3779,1st Floor, Kanhiya Nagar, Tri Nagar _bNew Delhi _e110035 |
||
| 300 |
_a249p. _c23cm(Hb) |
||
| 500 | _aIncludes appendix | ||
| 650 |
_aEconomics- _vDictionaries _9106531 |
||
| 650 |
_aEconomics _9106532 |
||
| 942 |
_2ddc _cEN _h330.3 _mNAR |
||
| 999 |
_c122946 _d122946 |
||